| 000 | 01642nam a2200205 a 4500 | ||
|---|---|---|---|
| 003 | AR-BaBN | ||
| 005 | 20250924121031.0 | ||
| 007 | ta | ||
| 008 | 150929s1981 000 spa d | ||
| 022 | _a0325-819X | ||
| 040 | _cAR-RoIUNI | ||
| 080 | _a159.964.92 | ||
| 245 | 0 |
_aPSICOANALISIS: REVISTA DE LA ASOCIACION PSICOANALITICA DE BUENOS AIRES Nº2-3. _bLos afectos |
|
| 260 | _c1981. | ||
| 500 | _aYendo hacia adelante: las influencias integradoras de los procesos afectivos en el desarrollo y en el psicoanálisis / Robert N. Emde Acerca de la discriminación e indiscriminación afecto-representación / André Green Afecto, lenguaje, comunicación: los cabos sueltos / Max Hernández El psicoanalista apasionado o aprendiendo de la experiencia emocional / Elizabeth T. de Bianchedi Cuál afecto / Angel Costantino El inconsciente y los afectos / B. Miguel Leivi Afectos, afecciones, afectaciones / Hugo Lerner Los afectos y el papel de lo negativo en la constitución de la realidad psíquica. Notas sobre la perplejidad / Rodolfo Moguillansky De la tormenta emocional a la catástrofe mental / Roberto Oelsner Afectos singulares y afectos vinculares. Autenticidad, credibilidad, malentendido / Janine Puget Ensayo sobre el afecto / Horacio N. Rotemberg Afectos y efectos de la contratransferencia / Alicia Sirota Mesa redonda: Relación de objeto y/o vínculo / Felisa Waksman de Fisch, Rodolfo Moguillansky, Julio Moreno y Alfredo Ortiz Frágola | ||
| 650 |
_aPsicologia _9108 |
||
| 942 |
_2cdu _cBK |
||
| 956 |
_aMFLORES _b00 _c20150929 _lBNA01 _h1330 |
||
| 956 |
_aMFLORES _b00 _c20150929 _lBNA01 _h1330 |
||
| 999 |
_c6289 _d6289 |
||